| 000 | 00373cam a2200145ua 4500 | ||
|---|---|---|---|
| 041 |
_ahin _h |
||
| 082 |
_a891.43 _bBAC/VI |
||
| 100 | _aBachan, Singh . | ||
| 245 |
_aViharini ka naya mumyakn / _cSingh Bachan. _hTextual Documents |
||
| 260 |
_aVaranasi : _bHindi Pracharak Pusthakalayam , _c1964. |
||
| 300 | _a289 ; . | ||
| 504 | _a | ||
| 942 | _cBK | ||
| 999 |
_c3666 _d3666 |
||